000 01079nam a22002415i 4500
001 176730
003 ES-MaACL
005 20250902014404.0
008 110204s1959 fr |||| | fre d
080 _a637.4
080 _a339.188
245 0 0 _aMarges de commercialisation pour les oeufs dans les pays de l'OECE
_b: projet nº 285.
260 _a[Paris] :
_bAgence Européenne de Productivité, Division de l'action technique et de la productivité dans l'agriculture et l'alimentation, Organisation Européenne de Coopération Économique,
_c1959.
300 _a53 p. ;
_c27 cm.
490 1 _aAlimentation et agriculture documentation. Série 1959 ;
_v16
546 _aTexto en francés.
650 0 4 _aHuevos-
_xComercialización.
_9144257
650 0 7 _aDistribución comercial
_2embne
_911951
710 0 _aOrganización de Cooperación y Desarrollo Económico.
_bAgencia Europea de Productividad.
_96056
830 0 _aAlimentation et agriculture documentation. Série 1959 ;
_v16
_9190202
852 _aES-MaACL
_jE-14190
_xOlim P-969-bis
999 _c176730
_d176730